Alas de sangre / (Record no. 195466)

MARC details
000 -LEADER
campo de control de longitud fija 02550nam a2200433 i 4500
001 - NÚMERO DE CONTROL
campo de control 195466
003 - IDENTIFICADOR DE NÚMERO DE CONTROL
campo de control ES-GrU
005 - FECHA Y HORA DE LA ÚLTIMA TRANSACCIÓN
campo de control 20250707163638.0
007 - CAMPO FIJO DE DESCRIPCIÓN FÍSICA--INFORMACIÓN GENERAL
campo de control de longitud fija ta
008 - DATOS DE LONGITUD FIJA--INFORMACIÓN GENERAL
campo de control de longitud fija 240617t20232023sp gr 001 f spa|d
017 ## - NÚMERO DE COPYRIGHT O DE DEPÓSITO LEGAL
Número de copyright o de depósito legal B 17025-2023
Agencia que asigna Oficina del Depósito Legal Barcelona
020 ## - NÚMERO INTERNACIONAL ESTÁNDAR DEL LIBRO
Número Internacional Estándar del Libro 9788408279990
040 ## - FUENTE DE CATALOGACIÓN
Centro catalogador/agencia de origen ES-MaUAMED
Lengua de catalogación spa
Centro/agencia transcriptor ES-MaUAMED
Centro/agencia modificador ES-MaACL
Normas de descripción rda
080 ## - NÚMERO DE LA CLASIFICACIÓN DECIMAL UNIVERSAL
Número de la Clasificación Decimal Universal 821.111(73)-31"20"
100 ## - ENTRADA PRINCIPAL--NOMBRE DE PERSONA
Nombre de persona Yarros, Rebecca,
Fechas asociadas al nombre 1981-
9 (RLIN) 237037
Término indicativo de función/relación Autor
240 10 - TÍTULO UNIFORME
Título uniforme Fourth Wing
Lenguaje de la obra español
245 10 - MENCIÓN DEL TÍTULO
Título Alas de sangre /
Mención de responsabilidad, etc. Rebecca Yarros ; traducción de Graciela Romero Saldaña.
250 ## - MENCION DE EDICION
Mención de edición Primera edición: noviembre de 2023. Sexta impresión: diciembre de 2023
264 #1 - PRODUCCIÓN, PUBLICACIÓN, DISTRIBUCIÓN, FABRICACIÓN Y COPYRIGHT
Producción, publicación, distribución, fabricación y copyright Barcelona :
Nombre del de productor, editor, distribuidor, fabricante Planeta,
Fecha de producción, publicación, distribución, fabricación o copyright [2023].
264 #4 - PRODUCCIÓN, PUBLICACIÓN, DISTRIBUCIÓN, FABRICACIÓN Y COPYRIGHT
Fecha de producción, publicación, distribución, fabricación o copyright ©2023
300 ## - DESCRIPCIÓN FÍSICA
Extensión 730 páginas ;
Dimensiones 23 cm.
336 ## - TIPO DE CONTENIDO
Término de tipo de contenido texto
Código de tipo de contenido txt
Fuente rdacontent
337 ## - TIPO DE MEDIO
Nombre/término del tipo de medio sin mediación
Código del tipo de medio n
Fuente rdamedia
338 ## - TIPO DE SOPORTE
Nombre/término del tipo de soporte volumen
Código del tipo de soporte nc
Fuente rdacarrier
490 1# - MENCIÓN DE SERIE
Mención de serie Empíreo ;
Designación de volumen o secuencia 1
500 ## - NOTA GENERAL
Nota general Primer volumen de la saga Empíreo.
520 3# - RESUMEN, ETC.
Sumario, etc. Sinopsis: Violet Sorrengail creía que se uniría al Cuadrante de los Escribas para vivir una vida tranquila, sin embargo, por órdenes de su madre, debe unirse a los miles de candidatos que, en el Colegio de Guerra de Basgiath, luchan por formar parte de la élite de Navarre: el Cuadrante de los Jinetes de dragones.Cuando eres más pequeña y frágil que los demás tu vida corre peligro, porque los dragones no se vinculan con humanos débiles. Además, con más jinetes que dragones disponibles, muchos la matarían con tal de mejorar sus probabilidades de éxito; y hay otros, como el despiadado Xaden Riorson, el líder de ala más poderoso del Cuadrante de Jinetes, que la asesinarían simplemente por ser la hija de la comandante general. Para sobrevivir, necesitará aprovechar al máximo todo su ingenio. Mientras la guerra se torna más letal Violet sospecha que los líderes de Navarre esconden un terrible secreto...
Fuente (Fuente. la editorial)
521 ## - NOTA DE PÚBLICO DESTINATARIO
Nota de público destinatario A partir de 16 años
655 #0 - TERMINO DE INDIZACIÓN--GENERO/FORMA
9 (RLIN) 236495
Datos o término principal de género/forma Novelas fantásticas
700 ## - ENTRADA AGREGADA--NOMBRE PERSONAL
Nombre de persona Romero Saldaña, Graciela
9 (RLIN) 237038
Término indicativo de función/relación Traductor
830 #0 - PUNTO DE ACCESO ADICIONAL DE SERIE-TÍTULO UNIFORME
Título uniforme Empíreo ;
Designación de volumen o secuencia 1
9 (RLIN) 239989
852 ## - LOCALIZACIÓN
Ubicación ES-MaACL
Ubicación en estantería Depósito J
Número de control de estantería N-9989
Donativo/Legado Donación: José Lázaro García
Encuadernación Encuadernación cartoné con sobrecubiertas
itemnumber 206137
903 ## - NOMBRE PERSONAL DE DONANTE
9 234219
a Lázaro García, José
e Donante
942 ## - ELEMENTOS DE ENTRADA SECUNDARIOS (KOHA)
Tipo de ítem Koha Libro impreso
Suprimir en OPAC No
Holdings
Estatus retirado Estado de pérdida Fuente del sistema de clasificación o colocación Estado de daño No para préstamo Biblioteca de origen Biblioteca actual Ubicación en estantería Fecha de adquisición Fuente de adquisición Total de préstamos Signatura topográfica completa Código de barras Visto por última vez Precio de reemplazo Tipo de ítem Koha
    Clasificación decimal universal     Biblioteca del Ateneo de Madrid Biblioteca del Ateneo de Madrid Depósito J 07/07/2025 Donación   N-9989 2025-0530 07/07/2025 07/07/2025 Libro impreso